000 00351nam a2200157Ia 4500
100 _aJohnson/Curtis
250 _a4
942 _cBK
654 _aProcess control
245 _aProcess Control Instrumentation Technology
260 _bPrentice Hall of India
_c2001
082 _a658.5
_bJOH
300 _a592
546 _aENGLISH
999 _c20653
_d20653